000 00407nam a2200133Ia 4500
008 220217s9999||||xx |||||||||||||| ||und||
020 _a9788120350687
082 _a005.14 BAS
100 _aBasu, Anirban
_910059
245 0 _aSoftware quality assurance, testing and metrics
260 _aPrentice hall of india
_bNew Delhi
_c2015
300 _aXXII, 301p.
_b295
650 _aSoftware engineering
_91072
999 _c188050
_d188050